Integrated mathematics / (Record no. 16672)

000 -LEADER
fixed length control field 00448cam a2200169Ia 4500
020 ## - INTERNATIONAL STANDARD BOOK NUMBER
ISBN 0028245660 (v. 1)
020 ## - INTERNATIONAL STANDARD BOOK NUMBER
ISBN 9780028245669 (v. 1)
040 ## - CATALOGING SOURCE
Transcribing agency FXG
082 ## - DEWEY DECIMAL CLASSIFICATION NUMBER
Classification number 510 HIL 1996 A111 Or.
245 00 - TITLE STATEMENT
Title Integrated mathematics /
260 ## - PUBLICATION, DISTRIBUTION, ETC. (IMPRINT)
Place of publication New York, N.Y. :
Name of publisher Glencoe/McGraw-Hill,
Year of publication c1995-1996.
300 ## - PHYSICAL DESCRIPTION
Number of Pages 3 v. :
Other physical details ill. ;
Dimensions 24 cm.
500 ## - GENERAL NOTE
General note Includes indexes.
650 #0 - SUBJECT ADDED ENTRY--TOPICAL TERM
Topical Term Mathematics.
700 1# - ADDED ENTRY--PERSONAL NAME
Personal name Bumby, Douglas R.
942 ## - ADDED ENTRY ELEMENTS (KOHA)
Koha item type សៀវភៅភាសាអង់គ្លេស
952 ## - LOCATION AND ITEM INFORMATION (KOHA)
Withdrawn status [LOCAL, KOHA] 0
Holdings
Permanent Location Date acquired Koha item type Lost status Shelving location Barcode Current Location Full call number
Library Block A2018-03-23សៀវភៅភាសាអង់គ្លេស A106A20530Library Block A510 HIL 1996 A106 Or.
មជ្ឈមណ្ឌលឯការនៃសាកលវិទ្យាល័យភូមិន្ទកសិកម្មចំការដូង

Powered by Koha